01441nab a22002177a 4500003000400000005001700004008004100021040000700062100003000069245018500099260004200284300001100326500003700337505056700374505008900941650002001030650002401050650001601074650001801090773011501108OSt20260224090034.0190506c xxu||||| |||| 00| 0 spa d cPJ aPicón, Liliana Noemí 13aLa competencia territorial de la justicia nacional del trabajo en el teletrabajo y las modalidades híbridas :brepensando el presupuesto "lugar de trabajo" /cLiliana N. Picón. aBuenos Aires :bAbeledoPerrot,c2024. ap. 3-6 aCita: TR LALEY AR/DOC/1504/2024. aSumario: I. Un poco sobre este artículo.— II. El propósito legislativo.— III. El pago en juicio. Orden público. Protección de la propiedad de la persona que trabaja.— IV. La ratificación personal previa en pacto, desistimientos y acuerdos, protección de la disponibilidad del crédito de la persona que trabaja.— V. La realidad en la práctica.— VI. Breve análisis del tiempo y funcionamiento actual en algunos Departamentos Judiciales de la Pcia. de Bs. As.— VII. Una posible solución.— VIII. Conclusiones.— IX. Bibliografía. t¿Te interesa el texto completo? Comunicate al correo: koha@justierradelfuego.gov.ar 0aDERECHO LABORAL 0aCOMPETENCIA LABORAL 0aCOMPETENCIA 0aFUERO LABORAL0 02751dBuenos Aires : AbeledoPerrot, 2013-tRevista de derecho laboral y seguridad social. Nº 14 - Julio 2024